000 00600nam a22002177i 4500
003 URS
005 20230817142251.0
008 181210t2009 ii ||||| |||| 00| 0 eng d
020 _a9788131805695
040 _cURS
050 1 4 _aLB 1731
_b.A56 2009
100 1 _aCheema. Col. D.S.
_4author
245 1 0 _aBusiness communication skills /
264 1 _aNew Delhi :
_bUniversity Science Press,
_c2009.
300 _avii, 155 p.
_bill.;
_c25 cm.
336 _atext
_btxt
_2rdacontent
337 _aunmediated
_bn
_2rdamedia
338 _avolume
_bnc
_2rdacarrier
650 0 _aManagement
942 _cR
_2lcc
999 _c72743
_d72742